Statistics for LOTR Trivia

Click here to take the quiz!

General Stats

  • This quiz has been taken 58 times
  • The average score is 5 of 10

Answer Stats

HintAnswer% Correct
ProtagonistFrodo Baggins
98%
His GardnerSam Gamgee
69%
Whose real name isAragorn
63%
With their guideStrider
56%
Whose step father isElrond
54%
InRivendell
38%
Who goes to Crikhallow with Frodo and SamPippin Took
37%
Where they run intoMerry Brandybuck
31%
Where ______ formsThe Fellowship of the Ring
19%
Who holdsThe Council of Elrond
6%

Score Distribution

Percentile by Number Answered

Percent of People with Each Score

Your Score History

You have not taken this quiz